00273nam a22000977a 4500003000400000082001900004100004900023245004000072260005500112300000800167SGT a891.4309bS06S aसिंह, रंजन कुमार  aसरहद जीरो मील bपारिजात प्रकाशन c2006 a104